00303pab a2200121 454500008004000000100001800040245005600058260000900114300001300123362001000136650002000146773001500166180718b2003 xxu||||| |||| 00| 0 eng d aAhmed, A.K.N. aMacro-management of the economy and monetary policy c2003 ap.21-26. a7 Jun aMonetary policy aMainstream